Microsoft SQL Server: planning and building a high perfomance database

I tiakina i:
Ngā taipitopito rārangi puna kōrero
Kaituhi matua: Schneider, Robert D (Author)
Hōputu: Pukapuka
Reo:Ingarihi
I whakaputaina: Upper Saddle River Prentice Hall 1997
Ngā marau:
Ngā Tūtohu: Tāpirihia he Tūtohu
Kāore He Tūtohu, Me noho koe te mea tuatahi ki te tūtohu i tēnei pūkete!

MARC

LEADER 00000nam a2200000 a 4500
001 UCR5510
003 CL-VaPUC
008 980327e19970000us |||||||||||||||||eng|d
082 0 4 |a 005.3  |b SCH  |2 21 
100 0 |a Schneider, Robert D  |e author  |9 406471 
245 1 0 |a Microsoft SQL Server: planning and building a high perfomance database 
300 |a 582 p 
942 |c BK 
945 |d 19980327 00:00:00  |a rleighto 
260 |a Upper Saddle River  |b Prentice Hall  |c 1997 
500 |a Incluye diskette 
650 7 |a PROGRAMAS DE COMPUTADOR  |2 CL-VaPUC  |9 262390 
650 0 |a Microcomputadores  |9 263190 
650 0 |a Bases de datos   |9 260577 
650 0 |a Lenguajes de programación   |9 259458 
650 7 |a SQL  |2 CL-VaPUC  |9 406472 
583 |a last modification  |c 20171205 01:08:24  |k Rodrigo Vera 
999 |c 268089  |d 268087 
952 |0 0  |1 0  |4 0  |6 005_300000000000000_SCH_1997  |7 0  |8 A  |9 301002  |a BIBING  |b BIBING  |d 2019-11-20  |i 3406415  |o 005.3 SCH 1997  |p 3406415  |r 2025-01-20  |w 2019-11-20  |y BK  |k CCI